Relaciones financieras internacionales (Record no. 9856)

MARC details
000 -LEADER
campo de control de longitud fija 01060nam a2200289 i 4500
001 - NÚMERO DE CONTROL
campo de control 9856
003 - IDENTIFICADOR DE NÚMERO DE CONTROL
campo de control ES-MaACL
005 - FECHA Y HORA DE LA ÚLTIMA TRANSACCIÓN
campo de control 20230906145754.0
007 - CAMPO FIJO DE DESCRIPCIÓN FÍSICA--INFORMACIÓN GENERAL
campo de control de longitud fija t|
008 - DATOS DE LONGITUD FIJA--INFORMACIÓN GENERAL
campo de control de longitud fija 940304s1993 sp ||||1| spa d
020 ## - NÚMERO INTERNACIONAL ESTÁNDAR DEL LIBRO
Número Internacional Estándar del Libro 84-86884-96-9
080 ## - NÚMERO DE LA CLASIFICACIÓN DECIMAL UNIVERSAL
Número de la Clasificación Decimal Universal 338.98(4-67 CE):332.4
080 ## - NÚMERO DE LA CLASIFICACIÓN DECIMAL UNIVERSAL
Número de la Clasificación Decimal Universal 336(4-67 CE)
080 ## - NÚMERO DE LA CLASIFICACIÓN DECIMAL UNIVERSAL
Número de la Clasificación Decimal Universal 332.4:338.98(4-67 CE)
245 00 - MENCIÓN DEL TÍTULO
Título Relaciones financieras internacionales
Resto del título : problemas y perspectivas /
Mención de responsabilidad, etc. Antonio Borges... [et al.] ; coordinador, José Luis Malo de Molina.
260 ## - PUBLICACIÓN, DISTRIBUCIÓN, ETC.
Lugar de publicación, distribución, etc. [Madrid] :
Nombre del editor, distribuidor, etc. Fundación Banco Exterior,
Fecha de publicación, distribución, etc. D.L. 1993.
300 ## - DESCRIPCIÓN FÍSICA
Extensión 124 p. ;
Dimensiones 23 cm.
490 1# - MENCIÓN DE SERIE
Mención de serie Colección Seminarios y cursos
500 ## - NOTA GENERAL
Nota general "Ciclo de conferencias de la Fundación Banco Exterior, enero-junio 1992"
610 27 - PUNTO DE ACCESO ADICIONAL DE MATERIA--NOMBRE DE ENTIDAD CORPORATIVA
Nombre de entidad corporativa o nombre de jurisdicción como elemento de entrada Comunidades Europeas-
Subdivisión general Política monetaria.
9 (RLIN) 3142
650 14 - PUNTO DE ACCESO ADICIONAL DE MATERIA--TÉRMINO DE MATERIA
Término de materia o nombre geográfico como elemento de entrada Finanzas-
Subdivisión geográfica Países en desarrollo.
9 (RLIN) 12873
700 1# - ENTRADA AGREGADA--NOMBRE PERSONAL
Nombre de persona Malo de Molina, José Luis.
9 (RLIN) 75838
700 1# - ENTRADA AGREGADA--NOMBRE PERSONAL
Nombre de persona Borges, Antonio.
9 (RLIN) 30458
830 0# - PUNTO DE ACCESO ADICIONAL DE SERIE-TÍTULO UNIFORME
Título uniforme Colección Seminarios y cursos
9 (RLIN) 177486
852 ## - LOCALIZACIÓN
Ubicación ES-MaACL
Número de control de estantería L-17067
Sublocalización o colección R.121287
Holdings
Estatus retirado Estado de pérdida Estado de daño No para préstamo Biblioteca de origen Biblioteca actual Ubicación en estantería Fecha de adquisición Fuente de adquisición Total de préstamos Signatura topográfica completa Código de barras Visto por última vez Precio de reemplazo Tipo de ítem Koha
        Biblioteca del Ateneo de Madrid Biblioteca del Ateneo de Madrid Depósito 2 17/01/2008     L-17067 1010062 23/02/2023 23/02/2023 Libro impreso